| 000 | 00445nam a22001577a 4500 | ||
|---|---|---|---|
| 003 | NUST - PNEC | ||
| 005 | 20170116181143.0 | ||
| 008 | 151008b xxu||||| |||| 00| 0 eng d | ||
| 040 | _cLIBRARY | ||
| 082 | _a629.13435 KUN | ||
| 100 |
_914804 _a Kuns, Ray F. |
||
| 245 |
_aFlight; aircraft engines, _ba general survey of fundamentals of aviation, _cRay F. Kuns |
||
| 260 | _c1941 | ||
| 650 |
_914805 _aAirplanes--Motors _xME |
||
| 942 |
_2ddc _cBK |
||
| 999 |
_c70575 _d70575 |
||